| 000 | 00493nam a22001577a 4500 | ||
|---|---|---|---|
| 003 | macl | ||
| 005 | 20190528121603.0 | ||
| 008 | 190528b xxu||||| |||| 00| 0 eng d | ||
| 040 | _cmacl | ||
| 082 | _a800VID | ||
| 100 |
_aमिश्र ,विधानिवास _975000 |
||
| 245 | _aकदम की फूली डाल | ||
| 260 |
_aइलाहाबाद _bलोकभारती प्रकाशन _c2017 |
||
| 650 |
_aरचनावली _9163 |
||
| 942 |
_2ddc _cHIN |
||
| 999 |
_c59876 _d59876 |
||